Central Library OPAC University of Rajshahi

Microeconomics : (Record no. 8479)

MARC details
000 -LEADER
fixed length control field 00717nam a2200253 a 4500
001 - CONTROL NUMBER
control field 8479
003 - CONTROL NUMBER IDENTIFIER
rucl marc code BD-RjUL
005 - DATE AND TIME OF LATEST TRANSACTION
control field 20211208234609.0
008 - FIXED-LENGTH DATA ELEMENTS--GENERAL INFORMATION
fixed length control field 160905r19851970nyua 001 0 eng
020 ## - INTERNATIONAL STANDARD BOOK NUMBER
International Standard Book Number 0393954005
035 ## - SYSTEM CONTROL NUMBER
System control number (BD-RjUL)8524
040 ## - CATALOGING SOURCE
Original cataloging agency DLC
Transcribing agency DLC
Modifying agency BD-RjUL
Language of cataloging eng
041 ## - LANGUAGE CODE
Language code of text/sound track or separate title eng
082 00 - DEWEY DECIMAL CLASSIFICATION NUMBER
Classification number 339
Edition number 23
Author mark and year MAM 1985
100 1# - MAIN ENTRY--PERSONAL NAME
Personal name Mansfield, Edwin.
9 (RLIN) 130843
245 10 - TITLE STATEMENT
Title Microeconomics :
Remainder of title theory/applications /
Statement of responsibility, etc. Edwin Mansfield.
250 ## - EDITION STATEMENT
Edition statement Shorter 5th ed.
260 ## - PUBLICATION, DISTRIBUTION, ETC. (IMPRINT)
Place of publication, distribution, etc. New York :
Name of publisher, distributor, etc. Norton,
Date of publication, distribution, etc. c1985.
300 ## - PHYSICAL DESCRIPTION
Pagination xiv, 446, 23 p. :
Illustrations ill. ;
Size 25 cm.
500 ## - GENERAL NOTE
General note Cover subtitle: Theory and applications.
General note Includes index.
650 #0 - SUBJECT ADDED ENTRY--TOPICAL TERM
Topical term or geographic name as entry element Microeconomics.
9 (RLIN) 155906
942 ## - ADDED ENTRY ELEMENTS (KOHA)
Source of classification or shelving scheme Dewey Decimal Classification
Koha item type Books
Holdings
Lost status Source of classification or shelving scheme Damaged status Not for loan Collection code Permanent Location Current Location Shelving location Date acquired Source of acquisition Total Checkouts Full call number Date last seen Copy number Koha item type
  Dewey Decimal Classification     Non-fiction Central Library, University of Rajshahi Central Library, University of Rajshahi   06/11/1988 Asia foundation   339 MAM 1985 06/09/2016 C-2 Books
  Dewey Decimal Classification   Not For Loan Non-fiction Central Library, University of Rajshahi Central Library, University of Rajshahi Reading Room 06/11/1988     339 MAM 1985 17/12/2016 C-1 Books